000 00680nam a2200229 i 4500
001 C2-0307355
003 PPAK
005 20180728094040.0
008 110201s1996 xxu |||| ||||| | eng d
020 _a0814146635
040 _aPPAK
_beng
_cPPAK
_erda
082 0 4 _a372.632
_223
090 0 0 _a372.632
_bLES
_dLCK
100 1 _aLaminack, Lester L,
_eauthor
245 1 0 _aSpelling in use :
_blooking closely at spelling in whole language classroms
264 1 _aUnited States :
_bPrecision Graphic services, Inc ,
_c1996
300 _a129 pages ;
_c23 cm
336 _2rdacontent
_atext
337 _2rdamedia
_aunmediated
338 _2rdacarrier
_avolume
942 _ddc
_cB
999 _c110121
_d110121